| 000 | 00635nam a22001457a 4500 | ||
|---|---|---|---|
| 040 | _c0 | ||
| 082 | _a153.9420,MUT | ||
| 245 |
_aMultiple Choice Question : _bFor Entry Test / _cEditor : Kifayat Ullah |
||
| 250 | _a4th Edition | ||
| 260 |
_aIslamic Coaching Academy _bPeshawar _c2008 |
||
| 300 | _a308 p | ||
| 505 | _aPhysics Part.I (Page-1), Physics Part.II (Page-38), Chemistry Part.I (Page-71), Chemistry Part.II (Page-109), Mathematics Part.I (Page-141), Mathematics Part.II (Page-168), Biology Part.I (Page-204), Biology Part.II (Page-242), English (Page-285). | ||
| 650 |
_aMultiple Choice Question _9113534 |
||
| 942 |
_2ddc _cBK |
||
| 999 |
_c595207 _d595207 |
||